Leaders of the SDLP - Statistics

General Stats
  • This quiz has been taken 6 times
  • The average score is 3 of 6
Answer Stats
Tenure Leader % Correct
1979-2001 John Hume
80%
2015-present Colum Eastwood
60%
1970-1979 Gerry Fitt
60%
2011-2015 Alasdair McDonnell
40%
2001-2010 Mark Durkan
40%
2010-2011 Margaret Ritchie
20%
No matching quizzes found
Score Distribution
Percent of People with Each Score
Percentile by Number Answered
Your Score History
You have not taken this quiz